banner koha

Peixe em tanque-rede: qualidade comprovada (Registro n. 300605)

MARC details
000 -LÍDER
fixed length control field 00859nab a2200265 4500
003 - CÓDIGO MARC DA AGÊNCIA CATALOGADORA
Campo de controle BR-BrBNA
005 - DATA E HORA DA ÚLTIMA ATUALIZAÇÃO
Campo de controle 20240814160100.0
008 - CAMPO DE TAMANHO FIXO
fixed length control field 240721b bl.||||| |||| 00| 0 por d
040 ## - FONTE DA CATALOGAÇÃO
Agência catalogadora BR-BrBNA
Idioma da catalogação por
072 ## - CATEGORIA AGRIS
Código AGRIS M12 ; N01 ; E14
Código do objeto 8140
100 ## - ENTRADA PRINCIPAL - NOME PESSOAL
Nome pessoal Shasmylla, Shelsea
245 ## - TÍTULO PRINCIPAL
Título principal Peixe em tanque-rede: qualidade comprovada
Subtítulo Aquicultura
500 ## - NOTA GERAL
Nota geral 4 illus.
942 ## - ADDED ENTRY ELEMENTS (KOHA)
Koha item type
650 ## - ASSUNTO - THESAGRO
Cabeçalho tópico ou nome geográfico AQUICULTURA
650 ## - ASSUNTO - THESAGRO
Cabeçalho tópico ou nome geográfico PISCICULTURA
650 ## - ASSUNTO - THESAGRO
Cabeçalho tópico ou nome geográfico LAGO
650 ## - ASSUNTO - THESAGRO
Cabeçalho tópico ou nome geográfico PROJETO PESQUEIRO
650 ## - ASSUNTO - THESAGRO
Cabeçalho tópico ou nome geográfico TANQUE
650 ## - ASSUNTO - THESAGRO
Cabeçalho tópico ou nome geográfico TAMBAQUI
650 ## - ASSUNTO - THESAGRO
Cabeçalho tópico ou nome geográfico PEIXE DE ÁGUA DOCE
650 ## - ASSUNTO - THESAGRO
Cabeçalho tópico ou nome geográfico TOCANTINS
773 0# - ENTRADA ANALÍTICA
Host Biblionumber 4604
Registro do item 317188
Imprenta Palmas - Tocantins Terranova Gráfica e Editora Jornalística Ltda 2005
Outro identificador 2024-3812
Título Cerrado Rural Agronegócios (Brazil)
ISSN 1980-2595
Colação v. 3(17) p. 33-35; (May 2006)
Número de controle de registro BR2024001984

Nenhum exemplar disponível.

BINAGRI

Telefone: (61)3218-2567/2388/3357/2097 - binagri@agro.gov.br

Ministério da Agricultura e Pecuária , Esplanada dos Ministérios, Bloco D, Anexo B, Brasília/DF, CEP: 70.043-900